| 000 | 00347nam a2200145Ia 4500 | ||
|---|---|---|---|
| 008 | 230917s9999||||xx |||||||||||||| ||und|| | ||
| 020 | _cPOU5.95 | ||
| 040 |
_e8706 _aMAIN |
||
| 041 | _aEnglish | ||
| 082 | _a327.112 M618E | ||
| 100 | _aMillar, T B | ||
| 245 | 0 | _aEast-west strategic balance | |
| 260 |
_aLondon _bGeorge Allen _c1981 |
||
| 942 | _cBK | ||
| 999 |
_c39531 _d39531 |
||